000
00298nam a22001337a 4500
008
171020b xxu||||| |||| 00| 0 eng d
020
_a
9780072482591
041
_a
eng
080
_2
4TH
_a
338
100
_a
54
101
_a
MEN
245
_a
STAFFING ORGANIZATIONS
_c
HENEMAN,H.G
942
_2
udc
_c
BK
999
_c
35026
_d
35026